|
|
|
|
| LEADER |
01339nam a2200289 a 4500 |
| 001 |
27668 |
| 003 |
BD-DhAAL |
| 005 |
20171220170024.0 |
| 008 |
131109s2012 bg a s o000 0 eng |
| 999 |
|
|
|c 14081
|d 14081
|
| 020 |
|
|
|a 9789849014331
|
| 040 |
|
|
|a BD-DhAAL
|c BD-DhAAL
|d BD-DhAAL
|
| 082 |
0 |
0 |
|a 315.492
|2 22
|
| 245 |
0 |
0 |
|a Statistical yearbook of Bangladesh 2011 :
|b Bāṃlādeśa parisaṃkhyāna barshagrantha.
|
| 246 |
3 |
1 |
|a Bāṃlādeśa parisaṃkhyāna barshagrantha 2011
|
| 246 |
3 |
1 |
|a বাংলাদেশ পরিসংখ্যান বর্ষগ্রন্থ -২০১১
|
| 250 |
|
|
|a 31th ed.
|
| 260 |
|
|
|a Dhaka :
|b Bangladesh Bureau of Statistics, Statistics Division, Ministry of Planning, Govt. of the People's Republic of Bangladesh,
|c 2012
|
| 300 |
|
|
|a xxvi, 532 p. :
|b charts, tables ;
|c 29 cm.
|
| 310 |
|
|
|a Annual (irregular)
|
| 541 |
|
|
|e 27668
|
| 651 |
|
0 |
|a Bangladesh
|v Statistics
|v Periodicals.
|9 3497
|
| 651 |
|
0 |
|a Bangladesh
|x Economic conditions
|v Statistics
|v Periodicals.
|9 3498
|
| 710 |
2 |
|
|a Bangladesh.
|b Parisaṃkhyāna Byuro.
|9 3499
|
| 852 |
1 |
|
|a Ayesha Abed Library
|c General shelf.
|
| 942 |
|
|
|2 ddc
|c BK
|
| 952 |
|
|
|0 0
|1 0
|2 ddc
|4 0
|6 315_492000000000000_STA
|7 0
|9 23671
|a BRACUL
|b BRACUL
|c GEN
|d 2013-11-09
|e Development Book Agency
|g 550.00
|l 0
|o 315.492 STA
|p 3010027668
|r 2013-11-09
|t 1
|w 2013-11-09
|y BK
|